Statistics for NBA Most Triple-Doubles

Click here to take the quiz!

General Stats

  • This quiz has been taken 17,599 times
    (1,567 since last reset)
  • The average score is 11 of 13

Answer Stats

#TeamPlayer% Correct
94CLELeBron James
99%
146OKCRussell Westbrook
97%
46HOUJames Harden
95%
138LALMagic Johnson
91%
181CINOscar Robertson
87%
107NJNJason Kidd
87%
59BOSLarry Bird
84%
24GSDraymond Green
83%
41DENNikola Jokić
82%
25DALLuka Dončić
80%
28PHIBen Simmons
79%
78PHIWilt Chamberlain
61%
32BOSRajon Rondo
46%

Score Distribution

Percentile by Number Answered

Percent of People with Each Score

Your Score History

You have not taken this quiz since the last reset